000 00745nam a22002297a 4500
008 150617b xxu||||| |||| 00| 0 eng d
020 _a9789814518635
041 0 _aeng
080 _a658
100 1 _aSchniederjans, Marc J.
245 1 0 _aE-commerce operations management /
_cMarc J. Schniederjans, University of Nebraska-Lincoln, USA, Qing Cao, Texas Tech University, USA, Jason H. Triche, Texas Tech University, USA.
250 _a2nd edition.
260 _aUSA:
_bWorld Scientific;
_c2014.
300 _a345 f.:
_bme il.;
_c26 cm.
500 _aPreface: f.vii-viii
505 _aIndex: f.337-345
650 0 _aTregëtia elektronike
650 0 _aOrganizimi
700 1 _aCao, Qing.
700 1 _aTriche, Jason H.
942 _2udc
_cBK
999 _c1051
_d1051